000 00660nam a2200265Ia 4500
005 20260121114445.0
008 008 260114s9999 xx 000 0 eng d
020 _a9789357464734
037 _aEBOOK
040 _aCRL
040 _beng
040 _cCRL
041 _2eng
041 _aeng
084 _qCRL
100 _aDavid M. Pozar
_9975363
245 0 _aMicrowave and RF Design of Wireless Systems
260 _bWiley
260 _c2024
650 _aElectrical & Electronics Engineering
_9975364
856 _uhttps://ebooks.wileyindia.com/product-details/471411
942 _cEBOOK
999 _c1554296
_d1554296